TANDEM TECHNIQUES (Record no. 566894)

MARC details
000 -LEADER
fixed length control field 00394pam a2200157a 44500
008 - FIXED-LENGTH DATA ELEMENTS--GENERAL INFORMATION
fixed length control field 230515b2010 xxu||||| |||| 00| 0 eng d
020 ## - INTERNATIONAL STANDARD BOOK NUMBER
International Standard Book Number 978-81-265-1904-0
041 ## - LANGUAGE CODE
Language code of text/sound track or separate title ENGLISH
082 ## - DEWEY DECIMAL CLASSIFICATION NUMBER
Classification number 660.2842
100 ## - MAIN ENTRY--PERSONAL NAME
Personal name SCOTT RAYMOND
245 ## - TITLE STATEMENT
Title TANDEM TECHNIQUES
250 ## - EDITION STATEMENT
Edition statement 1
260 ## - PUBLICATION, DISTRIBUTION, ETC.
Place of publication, distribution, etc. U K
Name of publisher, distributor, etc. JOHN WILEY & SONS (ASIA) PVT. LTD.
Date of publication, distribution, etc. 2010
300 ## - PHYSICAL DESCRIPTION
Extent XI+526
650 ## - SUBJECT ADDED ENTRY--TOPICAL TERM
Topical term or geographic name entry element TANDEM TECHNIQUES
Holdings
Withdrawn status Lost status Damaged status Not for loan Home library Current library Shelving location Date acquired Source of acquisition Cost, normal purchase price Total Checkouts Full call number Barcode Date last seen Price effective from Koha item type
        Rajiv Gandhi Institute of Information Technology & Biotechnology, Pune Rajiv Gandhi Institute of Information Technology & Biotechnology, Pune   29/09/2010 SHANTI SARWAR PRAKASHAN 3195.00   660.2842 BTP-RGB-1347 28/06/2023 28/06/2023 Book